00431nam a2200181 a 4500001001300000003000900013005001700022008004100039020000800080082001300088100001500101245001800116260003200134300000900166500003500175505002400210700001500234nice12345678IN_TiNIC20260116011548.0050524s1891 lona grp 000 0 eng  ac000a201bCUL aCulross, J aWilliam Carey aLondon bNo Publisherc1891 a214p aincludes index and biblioraphy2 abibliography, index1 aCulross, J